| 000 | 01272nam a2200229Ia 4500 | ||
|---|---|---|---|
| 003 | Ost | ||
| 005 | 20260507075249.0 | ||
| 008 | 260507s9999||||xx |||||||||||||| ||und|| | ||
| 040 | _cfsecg | ||
| 041 | _aara | ||
| 082 | _a330 | ||
| 100 |
_aبلقاوي، احمد رياحي _eمؤلف |
||
| 245 | 0 |
_aنظرية محاسبية / _c احمد رياحي بلقاوي |
|
| 260 |
_aعمان: _bدار اليازوري, _c2009 |
||
| 300 |
_a503 صفحة؛ _bإيضاحات ؛ _c24 سم |
||
| 504 | _aالمراجع ص.499(اقتناءات 2014 3ن) | ||
| 520 | _aالمداخل البحثية في المحاسبة ، المدارس الفكرية الرائدة في المحاسبة ، المدخل السلوكي و مدخل الاحداث ، المدخل التنبؤي و الوضعي ، محاسبة القيمة الجارية ( الحالية ) ، المحاسبة على أساس المستوى العام الاسعار ، نماذج بديلة لتقويم الموجودات و تحديد الدخل ، مهنة المحاسسبة المعاصرة و بيئتها ، المحاسبة الدولية. | ||
| 653 | _aالمحاسبة | ||
| 653 | _aتدقيق الحسابات | ||
| 700 |
_aرياض، عبد الله _eمؤلف ثانوي |
||
| 942 | _cكتاب | ||
| 999 |
_c43679 _d43679 |
||